Jennie - Filter (Lyrics) - Statistics

General Stats
  • This quiz has been taken 34 times
  • The average score is 183 of 313
Answer Stats
Lyrics % Correct
I
100%
filter,
90%
filter
90%
(Filter,
90%
filter)
90%
love
80%
me,
80%
me
80%
no
80%
No
80%
know
75%
like
75%
a
70%
in
70%
it
70%
more
70%
with
70%
With
70%
Go
65%
the
65%
the,
65%
you
65%
off
60%
off,
60%
this,
60%
to
60%
what
60%
What
60%
do
55%
don't
55%
is,
55%
is
55%
on
55%
So
55%
so
55%
take
55%
that
55%
that)
55%
up
55%
when
55%
When
55%
woke
55%
(Yeah,
55%
yeah)
55%
yeah,
55%
(Yeah)
55%
yeah
55%
and
50%
just
50%
your
50%
All
45%
all
45%
feeling
45%
gon'
45%
it's
45%
(La
45%
la
45%
la)
45%
lifted
45%
Look
45%
mirror,
45%
nothing
45%
Nothing
45%
ooh
45%
Ooh
45%
(Ooh)
45%
shit
45%
Undress
45%
way
45%
beautiful
40%
bitch
40%
but
40%
by
40%
can
40%
God
40%
'head
40%
judge
40%
my
40%
there
40%
touch
40%
uncensored
40%
under
40%
ain't
35%
found
35%
now?
35%
swear
35%
Underneath,
35%
been
30%
finally
30%
missin'
30%
out
30%
perfection,
30%
should
30%
Simple
30%
want
30%
weight
30%
what's
30%
why
30%
Anything
25%
clearer
25%
Never
25%
reach,
25%
Full
20%
inside
20%
book
15%
cared
15%
follow
15%
front,
15%
gate
15%
ride
15%
they
15%
thought
15%
Unapologetic
15%
crashing
10%
creep,
10%
flashing
10%
lights,
10%
(No-no,
10%
no-no),
10%
Quick
10%
through
10%
te
5%
throttle
5%
No matching quizzes found
Score Distribution
Percent of People with Each Score
Percentile by Number Answered
Your Score History
You have not taken this quiz